| 000 | 00390nam a2200145Ia 4500 | ||
|---|---|---|---|
| 008 | 230917s9999||||xx |||||||||||||| ||und|| | ||
| 040 |
_e83436 _aMAIN |
||
| 041 | _aEnglish | ||
| 082 | _a820.9 S38A | ||
| 100 | _aShrivastava, Avdhesh, ed. | ||
| 245 | 0 | _aAlien voice: Perspectives on Commonwealth literature | |
| 260 |
_aLucknow _bPrint House _c1981 |
||
| 300 | _axii, 243 p. | ||
| 942 | _cBK | ||
| 999 |
_c230397 _d230397 |
||